F1 World Champions By Country - Statistics

General Stats
  • This quiz has been taken 27 times
  • The average score is 13 of 15
Answer Stats
Answer % Correct
France (4)
100%
United States (2)
100%
Australia (4)
96%
Spain (2)
96%
Brazil (8)
93%
Germany (12)
93%
Italy (3)
93%
United Kingdom (21)
93%
Canada (1)
89%
Argentina (5)
81%
Netherlands (4)
74%
Austria (4)
67%
Finland (4)
67%
New Zealand (1)
59%
South Africa (1)
56%
No matching quizzes found
Score Distribution
Percent of People with Each Score
Percentile by Number Answered
Your Score History
You have not taken this quiz